OXFORD BIOLOGY TODAY (Record no. 216756)

MARC details
000 -LEADER
fixed length control field 00424nam a22001457a 4500
008 - FIXED-LENGTH DATA ELEMENTS--GENERAL INFORMATION
fixed length control field 260303b |||||||| |||| 00| 0 eng d
020 ## - INTERNATIONAL STANDARD BOOK NUMBER
International Standard Book Number 978-9914-44-770-5
100 ## - MAIN ENTRY--PERSONAL NAME
Personal name OKWACHO, FREDRICK
245 ## - TITLE STATEMENT
Title OXFORD BIOLOGY TODAY
260 ## - PUBLICATION, DISTRIBUTION, ETC.
Place of publication, distribution, etc. NAIROBI
Name of publisher, distributor, etc. OXFORD UNIVERSITY PRESS
Date of publication, distribution, etc. 2025
300 ## - PHYSICAL DESCRIPTION
Extent IV, 203P.
650 ## - SUBJECT ADDED ENTRY
Topical term or geographic name entry element BIOLOGY-TEXTBOOK-STUDY AND TEACHING (SECONDARY EDUCATION)
942 ## - ADDED ENTRY ELEMENTS (KOHA)
Source of classification or shelving scheme Library of Congress Classification
Koha item type Long Loan Book
Holdings
Withdrawn status Lost status Source of classification or shelving scheme Damaged status Not for loan Collection Home library Current library Date acquired Inventory number Total checkouts Full call number Barcode Date last seen Copy number Price effective from Koha item type
    Library of Congress Classification     Science & Technology Kisii University Library Kisii University Library 03/03/2026 112307   QH 308.2 .O94 2025 V.10 A000595 03/03/2026 1 03/03/2026 Long Loan Book
    Library of Congress Classification     Science & Technology Kisii University Library Kisii University Library 03/03/2026 112308   QH 308.2 .O94 2025 V.10 A000598 03/03/2026 2 03/03/2026 Long Loan Book
    Library of Congress Classification     Science & Technology Kisii University Library Kisii University Library 03/03/2026 112309   QH 308.2 .O94 2025 V.10 A000597 03/03/2026 3 03/03/2026 Long Loan Book
    Library of Congress Classification     Science & Technology Kisii University Library Kisii University Library 03/03/2026 112310   QH 308.2 .O94 2025 V.10 A000600 03/03/2026 4 03/03/2026 Long Loan Book
    Library of Congress Classification     Science & Technology Kisii University Library Kisii University Library 03/03/2026 112311   QH 308.2 .O94 2025 V.10 A000599 03/03/2026 5 03/03/2026 Long Loan Book